Macro skills in English / (Record no. 10176)

MARC details
000 -LEADER
fixed length control field 00807nam a22002417i 4500
003 - CONTROL NUMBER IDENTIFIER
control field URS
005 - DATE AND TIME OF LATEST TRANSACTION
control field 20220117095830.0
008 - FIXED-LENGTH DATA ELEMENTS--GENERAL INFORMATION
fixed length control field 160920b xxu||||| |||| 00| 0 eng d
020 ## - INTERNATIONAL STANDARD BOOK NUMBER
International Standard Book Number 9789710445196
040 ## - CATALOGING SOURCE
Description conventions rda
Transcribing agency URS
Language of cataloging English
Original cataloging agency URS
Modifying agency URS
050 ## - LIBRARY OF CONGRESS CALL NUMBER
Classification number PE1128
Item number .Uy1 2007
100 ## - MAIN ENTRY--PERSONAL NAME
Personal name Uy, Corazon L.,
Relator term author.
245 ## - TITLE STATEMENT
Title Macro skills in English /
Statement of responsibility, etc. Corazon L. Uy, Suzette F. Valdez.
264 #1 - PRODUCTION, PUBLICATION, DISTRIBUTION, MANUFACTURE, AND COPYRIGHT NOTICE
Place of production, publication, distribution, manufacture Intramuros, Manila :
Name of producer, publisher, distributor, manufacturer Mindshapers Company, Incorporated,
Date of production, publication, distribution, manufacture, or copyright notice ©2007.
300 ## - PHYSICAL DESCRIPTION
Extent xi, 163 pages ;
Dimensions 22 cm.
336 ## - CONTENT TYPE
Content type term text
Content type code txt
Source rdacontent
337 ## - MEDIA TYPE
Media type term unmediated
Media type code n
Source rdamedia
338 ## - CARRIER TYPE
Carrier type term volume
Carrier type code nc
Source rdacarrier
504 ## - BIBLIOGRAPHY, ETC. NOTE
Bibliography, etc. note Includes bibliographical references.
650 ## - SUBJECT ADDED ENTRY--TOPICAL TERM
Topical term or geographic name entry element English language
Form subdivision Textbooks for foreign speakers.
700 ## - ADDED ENTRY--PERSONAL NAME
Personal name Valdez, Suzette F.,
Relator term author.
942 ## - ADDED ENTRY ELEMENTS (KOHA)
Source of classification or shelving scheme Library of Congress Classification
Koha item type Filipiniana
Holdings
Withdrawn status Source of classification or shelving scheme Damaged status Not for loan Collection code Home library Current library Shelving location Date acquired Source of acquisition Total Checkouts Full call number Barcode Date last seen Copy number Price effective from Koha item type
  Library of Congress Classification     Non-fiction Taytay College Library Taytay College Library Filipiniana Section 11/10/2009 Purchased   PE1128 .Uy1 2007 URSTAY-2513 06/02/2025 1 11/10/2009 Filipiniana
  Library of Congress Classification     Non-fiction Taytay College Library Taytay College Library Filipiniana Section 11/10/2009 Purchased   PE1128 .Uy1 2007 URSTAY-2514 06/02/2025 2   Filipiniana
  Library of Congress Classification     Non-fiction Taytay College Library Taytay College Library Filipiniana Section 11/10/2009 Purchased   PE1128 .Uy1 2007 URSTAY-2515 09/20/2016 3   Filipiniana
  Library of Congress Classification     Non-fiction Taytay College Library Taytay College Library Filipiniana Section 11/10/2009 Purchased   PE1128 .Uy1 2007 URSTAY-2516 06/02/2025 4   Filipiniana
  Library of Congress Classification     Non-fiction Taytay College Library Taytay College Library Filipiniana Section 11/10/2009 Purchased   PE1128 .Uy1 2007 URSTAY-2517 09/20/2016 5   Filipiniana

University of Rizal System
Email us at univlibservices@urs.edu.ph

Visit our Website www.urs.edu.ph/library